Futebol brasileiro de A-Z - Statistics

Estatísticas Gerais
  • Esse quiz foi jogado 135 vezes
  • A pontuação média é 16 de 26
Estatísticas das Respostas
Dica Resposta % Correto
Equipe comprada pelo grupo City Bahia
94%
Clube com a maior torcida de São Paulo Corinthians
94%
Time de maior torcida do país Flamengo
89%
Clube gaúho bi-campeão da América Internacional
83%
Goleiro campeão da Copa do Mundo de 2002 Dida
82%
Maior artilheiro da história da seleção Neymar
81%
O rei. Pelé
81%
Bola de Ouro de 2007 Kaká
79%
Jogador que fez 1 gol no 7x1 Oscar
78%
Goleiro do Corintuians Hugo Souza
73%
Maior rival do Paysandu Remo
73%
Atacante do São Paulo ex-Tottenham Lucas Moura
71%
Campeão brasileiro de 2021 Atlético MG
70%
Tri campeão do Mundo São Paulo
70%
Clube carioca campeão da Libertadores de 1998 Vasco
70%
Maior jogador da história do Flamengo Zico
68%
Jogador ídolo do Botafogo Garrincha
66%
A sensação do Brasileirão 2025 Mirassol
65%
Jogador que perdeu um gol óbvio contra o Dortmundno Super Mundial Everaldo
48%
Jogador que jogou em Internacional, Santos e Zenit (Hojeestá no Corinthians) Yuri Alberto
42%
Goleiro da equipe da letra M Walter
38%
Outra ídolo Botafoguense dos anos 70 Jairzinho
36%
Equipe que revelou Roberto Carlos sediada em Araras União São João
30%
Jogador com passagens por Cruzeiro, Grêmio e Sportno século 21 Thiago Neves
24%
Time recém promovido para a primeira divisão Cearense Quixadá
14%
Jogador com mais de 100 jogos pelo Vitória Xavier
5%
Nenhum quiz correspondente encontrado
Distribuição das Pontuações
Porcentagem de Pessoas com Cada Pontuação
Percentil de Números Respondidos
Sua Pontuação Histórica
Você não jogou esse quiz